000 04847nam a22004577a 4500
005 20110510115127.0
010 _aB-438226-240
020 _c140.00
_a9788126320967
035 _aB-438226-240
037 _bAllied Pub.
082 _a
100 _aरणेन्द्र
_929097
245 _aग्लोबल गाँव के देवता /
_cरणेन्द्र
246 _aGlobal Gaon ke Devta
_bby Ranendra
250 _a3रा संस्क
260 _aनई दिल्ली
_bभारतीय ज्ञानपीठ
_c2011
270 _a18, इंन्स्टीटयूशनल एरिया, लोदी रोड
_bनई दिल्ली
_e110003
300 2 _a100पृ.
_c22सेमी (सजिल्द)
490 _aलोकोदय ग्रन्थमालाः ग्रन्थांक 1007 / रवीन्द्र कालिया द्वारा संपादित
_929098
650 _aहिन्दी कथा साहित्य
_9657
650 _aHindi Novel
_929099
700 _925634
700 _925670
942 _2ddc
_cHN
_h
_mरणेन्द्र
999 _c52278
_d52278